00374nam a22001337a 450000500170000000800410001704100120005808200130007010000120008324500380009526000500013330000310018365000260021420240816132945.0240816b |||||||| |||| 00| 0 eng d aEnglish a349 LAW  lEnglish aThe Law Reports: Probate Division aLondon: bWilliam Clowes and Sons Ltd, c1928 bxvii, 235 pages; c25 cm.  aLegal practice bLaw